Taxman students' guide t o income tax including central sales tax: (Record no. 57105)

MARC details
000 -LEADER
fixed length control field 01044nam a22002297a 4500
005 - DATE AND TIME OF LATEST TRANSACTION
control field 20110928140214.0
010 ## - LCCN (DPL NO)
LC control number G-001504
020 ## - INTERNATIONAL STANDARD BOOK NUMBER
Terms of availability 275.00
International Standard Book Number 8171943314
035 1d - SYSTEM CONTROL NUMBER
System control number G-001504
037 ## - SOURCE OF ACQUISITION
Source of stock number/acquisition Gift
082 ## - DEWEY DECIMAL CLASSIFICATION NUMBER
Classification number 336.294
100 ## - MAIN ENTRY--PERSONAL NAME
Personal name Singhania, Vinod K.
245 ## - TITLE STATEMENT
Title Taxman students' guide t o income tax including central sales tax:
Statement of responsibility, etc by Vinod K. Singhania [and] Monica Singhania
Remainder of title B.Com 2004-05/jCA(PE II, November 2004)/CS (Inter, December 2004 and June 2005) / ICWA (Inter, December 2004 and June 2005) /
250 ## - EDITION STATEMENT
Edition statement 31st rev. ed.
260 ## - PUBLICATION, DISTRIBUTION, ETC. (IMPRINT)
Place of publication, distribution, etc New Delhi
Name of publisher, distributor, etc Taxman Publications
Date of publication, distribution, etc 2004 (rev. repr.).
270 ## - ADDRESS
Address 59/32 New Rohtak Road
City New Delhi
Postal code 110005
300 ## - PHYSICAL DESCRIPTION
Extent Various pagings
Dimensions 26cm(pbk)
700 ## - ADDED ENTRY--PERSONAL NAME
Personal name Singhania, Monica
9 (RLIN) 34979
942 ## - ADDED ENTRY ELEMENTS (KOHA)
Source of classification or shelving scheme Dewey Decimal Classification
Item type English Books
Classification part 336.294
Call number suffix SIN
Holdings
Withdrawn status Lost status Not for loan Collection code Home library Current library Date acquired Source of acquisition Cost, normal purchase price Full call number Barcode Copy number Cost, replacement price Koha item type
      Non-fiction Janak Puri Janak Puri 28/09/2011 gift 275.00 336.294 SIN G-001504 1 275.00 English Books

© Delhi Public Library
Hit Counter
free hit counter